Normal view
MARC view
Entry Personal Name
001 - CONTROL NUMBER
- control field: 104033
003 - CONTROL NUMBER IDENTIFIER
- control field: OSt
005 - DATE AND TIME OF LATEST TRANSACTION
- control field: 20230511171447.0
008 - FIXED-LENGTH DATA ELEMENTS
- fixed length control field: 230511|| aca||aabn | a|a d
040 ## - CATALOGING SOURCE
- Original cataloging agency: OSt
- Transcribing agency: OSt
100 ## - HEADING--PERSONAL NAME
- Personal name: BECKETT (A H);STENLAKE (J B)
670 ## - SOURCE DATA FOUND
- Source citation: Work cat.: (OSt)164362: BECKETT (A H);STENLAKE (J B)., Practical pharmaceutical chemistry- P1., 2005